| 000 | 00396nam a22001697a 4500 | ||
|---|---|---|---|
| 003 | OSt | ||
| 005 | 20220204131410.0 | ||
| 008 | 220204b |||||||| |||| 00| 0 eng d | ||
| 020 | _a0521481007 | ||
| 040 | _cHU | ||
| 082 | _a621.822 | ||
| 100 |
_aSzeri Z. Andras _929734 |
||
| 245 | _aFluid film Lubrication Theory And Design | ||
| 260 |
_aUSA _bUSA |
||
| 300 | _f414 | ||
| 942 |
_2ddc _cBOOKS _n0 |
||
| 999 |
_c29276 _d29276 |
||